| 000 | 00465nam a2200181Ia 4500 | ||
|---|---|---|---|
| 001 | 21048 | ||
| 005 | 20260306172850.0 | ||
| 008 | 260306t2005||||xx |||||||||||||| ||spa|| | ||
| 041 | _aESP | ||
| 082 |
_a344 _bH478 |
||
| 100 |
_aHruschka, Joachim _eAUT |
||
| 245 | 0 | _aImputación y derecho penal estudios sobre la teoría de la imputación | |
| 260 | _c2005 | ||
| 300 |
_a283 páginas : _c24 cm. |
||
| 650 | _aGEN | ||
| 654 | _aCDE | ||
| 942 |
_cLIB _dJUS _fJUS _2ddc _n |
||
| 999 |
_c21048 _d21048 |
||